000 01184cam a2200277 i 4500
003 SA-RiAUC
005 20260106133443.0
008 260101s1986 ku a g b 000r0 ara c
040 _aSA-JeALM
_bara
_cSA-RiAUC
_erda
043 _aa-su---
082 0 4 _a307.760953121
090 _a307.760953121
_bس ر ي
100 1 _aالسرياني، محمد محمود،
_d1942-
_eمؤلف.
245 1 0 _aمكة المكرمة :
_bدراسة في تطور النمو الحضري /
_cمحمد محمود السرياني.
264 1 _aالكويت :
_aالكويت :
_bالجمعية الجغرافية الكويتية ؛
_bجامعة الكويت،
_c1986
300 _a77 صفحة :
_bكروكيات ؛
_c24 سم.
336 _aنص
_btxt
_2rdacontent
_3كتاب
337 _aبدون وسيط
_bn
_2rdamedia
440 0 _aرسائل جغرافية
_v87
504 _aببليوجرافية : صفحة 71-74.
650 7 _aالمجتمعات الحضرية
_zمكة المكرمة
_2aucsh
650 7 _aعلم الاجتماع الحضري
_2aucsh
651 7 _aالسعودية
_xسياسة اجتماعية
_2aucsh
942 _2ddc
_cBOOK
_n0
949 _aSA-JeALM
_d260101
_uosman123
_n1
999 _c13926
_d13926